[Event "DEM U16w 2017"]
[Site "Willingen GER"]
[Date "2017.06.08"]
[Round "7"]
[White "Mundt, Alexandra"]
[Black "Fricke, Edna Marlene"]
[Result "1/2-1/2"]
[Termination "normal"]
[Board "10"]
[WhiteElo "1391"]
[BlackElo "1356"]
[WhiteClock "00:02:08"]
[BlackClock "00:04:13"]
[PlyCount "65"]
[WhiteFideId "16217276"]
[BlackFideId "12988839"]
[EventCountry "GER"]
[EventRounds "9"]
[EventType "swiss"]
[EventDate "2017.06.03"]

1. e4 {[%clk 1:30:59]} 1... c5 {[%clk 1:30:55]} 2. Nf3 {[%clk 1:31:24]} 2...
Nc6 {[%clk 1:30:54]} 3. c3 {[%clk 1:31:33]} 3... g6 {[%clk 1:29:50]} 4. d4 {
[%clk 1:31:35]} 4... cxd4 {[%clk 1:29:08]} 5. cxd4 {[%clk 1:31:53]} 5... d6 {
[%clk 1:26:06]} 6. h3 {[%clk 1:27:46]} 6... Bg7 {[%clk 1:24:51]} 7. Nc3 { [%clk
1:27:41]} 7... e6 {[%clk 1:17:53]} 8. Be3 {[%clk 1:20:08]} 8... Nge7 { [%clk
1:13:22]} 9. Be2 {[%clk 1:16:53]} 9... O-O {[%clk 1:12:17]} 10. O-O { [%clk
1:16:00]} 10... a6 {[%clk 1:08:22]} 11. Qd2 {[%clk 1:14:35]} 11... d5 { [%clk
1:03:28]} 12. exd5 {[%clk 0:53:20]} 12... Nxd5 {[%clk 0:57:40]} 13. Rac1 {[%clk
0:36:21]} 13... Qd6 {[%clk 0:41:24]} 14. Ne4 {[%clk 0:22:55]} 14... Qc7 {[%clk
0:28:56]} 15. Bh6 {[%clk 0:14:41]} 15... Rd8 {[%clk 0:18:58]} 16. Bxg7 { [%clk
0:13:48]} 16... Kxg7 {[%clk 0:18:49]} 17. Ne5 {[%clk 0:07:10]} 17... f6 { [%clk
0:09:44]} 18. Nxc6 {[%clk 0:07:18]} 18... bxc6 {[%clk 0:09:54]} 19. Ng3 { [%clk
0:05:56]} 19... f5 {[%clk 0:08:13]} 20. Bf3 {[%clk 0:03:04]} 20... Qd6 { [%clk
0:08:05]} 21. Rfd1 {[%clk 0:02:43]} 21... Bb7 {[%clk 0:07:28]} 22. Qg5 { [%clk
0:02:12]} 22... Kf7 {[%clk 0:04:40]} 23. Qh6 {[%clk 0:01:41]} 23... Nf6 { [%clk
0:03:17]} 24. h4 {[%clk 0:01:22]} 24... Qf8 {[%clk 0:03:03]} 25. Qxf8+ { [%clk
0:01:33]} 25... Kxf8 {[%clk 0:03:14]} 26. Bxc6 {[%clk 0:01:47]} 26... Bxc6
{[%clk 0:03:31]} 27. Rxc6 {[%clk 0:02:13]} 27... Kf7 {[%clk 0:03:33]} 28. Ne2
{[%clk 0:02:17]} 28... Nd5 {[%clk 0:03:22]} 29. Nc3 {[%clk 0:02:22]} 29... a5
{[%clk 0:03:30]} 30. Nxd5 {[%clk 0:02:31]} 30... Rxd5 {[%clk 0:03:51]} 31. Rc5
{[%clk 0:02:30]} 31... Rad8 {[%clk 0:03:57]} 32. Rc7+ {[%clk 0:02:19]} 32...
Kg8 {[%clk 0:04:13]} 33. Kf1 {[%clk 0:02:08]} 1/2-1/2

[Event "DEM U16w 2017"]
[Site "Willingen GER"]
[Date "2017.06.08"]
[Round "7"]
[White "Voß, Henrike"]
[Black "Lücke, Kristina"]
[Result "1-0"]
[Termination "normal"]
[Board "11"]
[WhiteElo "1620"]
[BlackElo "1445"]
[WhiteClock "00:08:44"]
[BlackClock "00:03:49"]
[PlyCount "47"]
[WhiteFideId "12971910"]
[BlackFideId "16201248"]
[EventCountry "GER"]
[EventRounds "9"]
[EventType "swiss"]
[EventDate "2017.06.03"]

1. e4 {[%clk 1:30:53]} 1... c5 {[%clk 1:30:57]} 2. Nf3 {[%clk 1:31:16]} 2...
Nc6 {[%clk 1:31:23]} 3. Bb5 {[%clk 1:31:37]} 3... e6 {[%clk 1:31:31]} 4. O-O {
[%clk 1:31:44]} 4... Nge7 {[%clk 1:31:38]} 5. c3 {[%clk 1:30:56]} 5... a6 {
[%clk 1:30:33]} 6. Ba4 {[%clk 1:31:08]} 6... b5 {[%clk 1:29:36]} 7. Bc2 { [%clk
1:31:11]} 7... Ng6 {[%clk 1:22:06]} 8. d4 {[%clk 1:29:55]} 8... cxd4 { [%clk
1:18:59]} 9. Nxd4 {[%clk 1:29:52]} 9... Bb7 {[%clk 1:16:35]} 10. Be3 { [%clk
1:25:00]} 10... Nce5 {[%clk 1:10:33]} 11. Nd2 {[%clk 1:21:49]} 11... d5 { [%clk
1:02:19]} 12. exd5 {[%clk 1:14:48]} 12... Bxd5 {[%clk 0:57:25]} 13. f4 { [%clk
1:02:32]} 13... Nd7 {[%clk 0:41:39]} 14. f5 {[%clk 0:52:17]} 14... Nh4 { [%clk
0:31:00]} 15. fxe6 {[%clk 0:38:38]} 15... fxe6 {[%clk 0:26:16]} 16. Be4 { [%clk
0:34:33]} 16... Nc5 {[%clk 0:16:55]} 17. Nc6 {[%clk 0:19:18]} 17... Qd6 { [%clk
0:12:18]} 18. Qh5+ {[%clk 0:17:47]} 18... g6 {[%clk 0:12:20]} 19. Qxh4 { [%clk
0:17:21]} 19... Qxc6 {[%clk 0:10:42]} 20. Bxd5 {[%clk 0:13:05]} 20... exd5
{[%clk 0:09:48]} 21. Bd4 {[%clk 0:11:49]} 21... Be7 {[%clk 0:07:07]} 22. Rae1
{[%clk 0:10:06]} 22... Ne4 {[%clk 0:06:37]} 23. Qh6 {[%clk 0:08:31]} 23... Bg5
{[%clk 0:03:49]} 24. Qxg5 {[%clk 0:08:44]} 1-0

[Event "DEM U16w 2017"]
[Site "Willingen GER"]
[Date "2017.06.08"]
[Round "7"]
[White "Weimert, Miriam"]
[Black "Pietsch, Virginia-Atlanta"]
[Result "1-0"]
[Termination "normal"]
[Board "12"]
[WhiteElo "1841"]
[BlackElo "1065"]
[WhiteClock "01:00:56"]
[BlackClock "00:04:50"]
[PlyCount "25"]
[WhiteFideId "12966703"]
[BlackFideId "16235053"]
[EventCountry "GER"]
[EventRounds "9"]
[EventType "swiss"]
[EventDate "2017.06.03"]

1. e4 {[%clk 1:30:58]} 1... e6 {[%clk 1:30:54]} 2. d4 {[%clk 1:31:23]} 2... d5
{[%clk 1:31:16]} 3. e5 {[%clk 1:31:46]} 3... c5 {[%clk 1:27:38]} 4. c3 { [%clk
1:31:44]} 4... Nc6 {[%clk 1:21:39]} 5. Nf3 {[%clk 1:32:06]} 5... f6 { [%clk
1:11:09]} 6. Bd3 {[%clk 1:29:06]} 6... Qc7 {[%clk 0:55:47]} 7. Bf4 { [%clk
1:23:52]} 7... Nge7 {[%clk 0:46:48]} 8. Qc2 {[%clk 1:15:22]} 8... fxe5 { [%clk
0:22:29]} 9. Nxe5 {[%clk 1:09:18]} 9... cxd4 {[%clk 0:08:39]} 10. Ng6 { [%clk
1:03:15]} 10... Qb6 {[%clk 0:04:37]} 11. Nxh8 {[%clk 1:02:57]} 11... Nf5 {[%clk
0:04:30]} 12. Bxf5 {[%clk 1:01:40]} 12... exf5 {[%clk 0:04:50]} 13. O-O {[%clk
1:00:56]} 1-0